Holy Vedas Rig Veda Yajur Veda Sama Veda And Atharva Veda (Record no. 41275)

MARC details
000 -LEADER
fixed length control field 00395nam a2200133Ia 4500
008 - FIXED-LENGTH DATA ELEMENTS--GENERAL INFORMATION
fixed length control field 240719s9999 xx 000 0 und d
041 ## - LANGUAGE CODE
Language code of text/sound track or separate title eng
082 ## - DEWEY DECIMAL CLASSIFICATION NUMBER
Classification number 294.517 DEB
100 ## - MAIN ENTRY--PERSONAL NAME
Personal name Debroy, Bibek
245 ## - TITLE STATEMENT
Title Holy Vedas Rig Veda Yajur Veda Sama Veda And Atharva Veda
260 ## - PUBLICATION, DISTRIBUTION, ETC.
Place of publication, distribution, etc. New Delhi
Name of publisher, distributor, etc. R. Publication
Date of publication, distribution, etc. 2020
300 ## - PHYSICAL DESCRIPTION
Extent 450.; P 23 Cm.
520 ## - SUMMARY, ETC.
Summary, etc. Gifted By : IMT Faculty Dr. Pawan Jain
Holdings
Withdrawn status Lost status Damaged status Not for loan Home library Current library Shelving location Date acquired Total Checkouts Full call number Barcode Date last seen Date last checked out Price effective from Koha item type Public note
        IMTN IMTN Rack 4-A 05/26/2023 2 294.517 DEB 32970 07/13/2025 07/03/2025 07/19/2024 Books Gifted
Designed & Maintained by: LRC IMT Nagpur Contact: lrc@imtnag.ac.in© 2024. All Rights Reserved.